| 000 | 00858nam a2200301 a 4500 | ||
|---|---|---|---|
| 003 | AR-BaBNM | ||
| 005 | 20251128205115.0 | ||
| 008 | 082120s2002 ||||||||||||||000 | spa|| | ||
| 020 | _a968-16-3714-3 | ||
| 040 | _cAR-BaBNM | ||
| 100 | 1 | _aTibón, Gutierre | |
| 245 | 0 | 0 | _aDiccionario etimológico comparado de los apellidos españoles, hispanoamericanos y filipinos |
| 250 | _a2ª ed. | ||
| 260 |
_aMéxico, D.F. _bFondo de Cultura Económica _c1992 |
||
| 300 | _axxii, 433 p. | ||
| 500 | _aContiene referencias bibliográficas en p. 263 | ||
| 650 | 4 | _aDICCIONARIOS | |
| 650 | 4 | _aGRAMATICA | |
| 650 | 4 | _aESPAÑOL | |
| 650 | 4 | _aETIMOLOGIA | |
| 650 | 4 | _aLEXICOGRAFIA | |
| 650 | 4 | _aLINGÜISTICA COMPARATIVA Y DIACRONICA | |
| 650 | 4 | _aFILOLOGIA | |
| 650 | 4 | _aCAMBIO LINGÜISTICO | |
| 655 | _aREFERENCIA | ||
| 942 | _cBK | ||
| 998 | _cMARTIN | ||
| 999 |
_c10017 _d10017 |
||